<?xml version="1.0" encoding="UTF-8"?>
<record
    xmlns:xsi="http://www.w3.org/2001/XMLSchema-instance"
    xsi:schemaLocation="http://www.loc.gov/MARC21/slim http://www.loc.gov/standards/marcxml/schema/MARC21slim.xsd"
    xmlns="http://www.loc.gov/MARC21/slim">

  <leader>01216caa a22002172a 4500</leader>
  <controlfield tag="001">  006169</controlfield>
  <controlfield tag="003">  AR-FADEU</controlfield>
  <controlfield tag="008">  311216n########xxu####################dd</controlfield>
  <datafield tag="092" ind1=" " ind2=" ">
    <subfield code="a">302.23</subfield>
    <subfield code="b">S642</subfield>
  </datafield>
  <datafield tag="100" ind1=" " ind2=" ">
    <subfield code="a">Eisenstadt, S. N.</subfield>
  </datafield>
  <datafield tag="245" ind1=" " ind2=" ">
    <subfield code="a">Los procesos de comunicaci&#xF3;n entre los immigrantes en Israel</subfield>
  </datafield>
  <datafield tag="300" ind1=" " ind2=" ">
    <subfield code="a">PP. 277-295</subfield>
  </datafield>
  <datafield tag="500" ind1=" " ind2=" ">
    <subfield code="a">En: Comunicaci&#xF3;n y cultura. Tomo III: Sem&#xE1;ntica y pragm&#xE1;tica / Alfred G. Simith. Buenos Aires : Nueva Visi&#xF3;n, 1977</subfield>
  </datafield>
  <datafield tag="942" ind1=" " ind2=" ">
    <subfield code="c">BDGR</subfield>
  </datafield>
  <datafield tag="773" ind1="0" ind2=" ">
    <subfield code="0">7314</subfield>
    <subfield code="9">5256</subfield>
    <subfield code="a">Smith, Alfred G., comp.</subfield>
    <subfield code="b"></subfield>
    <subfield code="d">Buenos Aires</subfield>
    <subfield code="o">6214</subfield>
    <subfield code="t">Comunicaci&#xF3;n y cultura</subfield>
    <subfield code="w">(  AR-FADEU)  001476</subfield>
    <subfield code="x"></subfield>
    <subfield code="z"></subfield>
  </datafield>
  <datafield tag="773" ind1="0" ind2=" ">
    <subfield code="0">7314</subfield>
    <subfield code="9">5257</subfield>
    <subfield code="a">Smith, Alfred G., comp.</subfield>
    <subfield code="b"></subfield>
    <subfield code="d">Buenos Aires</subfield>
    <subfield code="o">6216</subfield>
    <subfield code="t">Comunicaci&#xF3;n y cultura</subfield>
    <subfield code="w">(  AR-FADEU)  001476</subfield>
    <subfield code="x"></subfield>
    <subfield code="z"></subfield>
  </datafield>
  <datafield tag="773" ind1="0" ind2=" ">
    <subfield code="0">7314</subfield>
    <subfield code="9">5258</subfield>
    <subfield code="a">Smith, Alfred G., comp.</subfield>
    <subfield code="b"></subfield>
    <subfield code="d">Buenos Aires</subfield>
    <subfield code="o">5131</subfield>
    <subfield code="t">Comunicaci&#xF3;n y cultura</subfield>
    <subfield code="w">(  AR-FADEU)  001476</subfield>
    <subfield code="x"></subfield>
    <subfield code="z"></subfield>
  </datafield>
  <datafield tag="773" ind1="0" ind2=" ">
    <subfield code="0">7314</subfield>
    <subfield code="9">5259</subfield>
    <subfield code="a">Smith, Alfred G., comp.</subfield>
    <subfield code="b"></subfield>
    <subfield code="d">Buenos Aires</subfield>
    <subfield code="o">20115</subfield>
    <subfield code="t">Comunicaci&#xF3;n y cultura</subfield>
    <subfield code="w">(  AR-FADEU)  001476</subfield>
    <subfield code="x"></subfield>
    <subfield code="z"></subfield>
  </datafield>
  <datafield tag="773" ind1="0" ind2=" ">
    <subfield code="0">8086</subfield>
    <subfield code="9">6421</subfield>
    <subfield code="a">Smith, Alfred G.</subfield>
    <subfield code="b"></subfield>
    <subfield code="d">Buenos Aires</subfield>
    <subfield code="o">6213</subfield>
    <subfield code="t">Comunicaci&#xF3;n y cultura</subfield>
    <subfield code="w">(  AR-FADEU)  002252</subfield>
    <subfield code="x"></subfield>
    <subfield code="z"></subfield>
  </datafield>
  <datafield tag="773" ind1="0" ind2=" ">
    <subfield code="0">8086</subfield>
    <subfield code="9">6422</subfield>
    <subfield code="a">Smith, Alfred G.</subfield>
    <subfield code="b"></subfield>
    <subfield code="d">Buenos Aires</subfield>
    <subfield code="o">6215</subfield>
    <subfield code="t">Comunicaci&#xF3;n y cultura</subfield>
    <subfield code="w">(  AR-FADEU)  002252</subfield>
    <subfield code="x"></subfield>
    <subfield code="z"></subfield>
  </datafield>
  <datafield tag="999" ind1=" " ind2=" ">
    <subfield code="c">11989</subfield>
    <subfield code="d">11989</subfield>
  </datafield>
</record>
